| 000 | 00410nam a22001457a 4500 | ||
|---|---|---|---|
| 003 | SGT | ||
| 082 |
_a617.84 _bE24K |
||
| 100 | _aKHEMLANI, ANJALI | ||
| 245 | _aTHE EFFECT OF NEUROMUSCULAR ELECTRICAL STIMULATION WITH MENDELSOHN MANEUVER AND LINGUAL EXERCISES ON POSTSTROKE FYSPHAGIA | ||
| 260 |
_aGURUGRAM _bSGT UNIVERSITY _c2024 |
||
| 300 | _a101 | ||
| 650 | _aNEUROLOGY | ||
| 653 | _aMPT | ||
| 942 |
_2ddc _cTH |
||
| 999 |
_c32184 _d32184 |
||